000 00542nam a2200193 a 4500
005 20240925065603.0
008 010608s1986 r 000 0 eng d
020 _a8430912312
035 _aUPN01000107837
049 _aCG
050 4 _aHM24
_bL8.3
100 1 _aLucas Marín, Antonio
245 1 0 _aFundamentos de teoría sociológica /
_cAntonio Lucas Marín.
260 _aMadrid :
_bTecnos,
_c1986.
300 _a208 p.
440 0 _aSemilla y surco.
_pCiencias sociales.
_pSociología
650 4 _aSociología
_95756
905 _aLibro
999 _c81749
_d81749